| 000 | 00675nam a2200229Ia 4500 | ||
|---|---|---|---|
| 003 | OSt | ||
| 005 | 20220927105707.0 | ||
| 006 | a|||||r|||| 00| 0 | ||
| 007 | ta | ||
| 008 | 220926b |||||||| |||| 00| 0 eng d | ||
| 024 | _a201557 | ||
| 037 | _cReference Collections | ||
| 040 |
_aRTL _cRTL _beng |
||
| 041 |
_2eng _aeng |
||
| 082 | _a"X9(J)f1, K9.1/RR" | ||
| 245 | 0 | _aWorld atlas of agriculture Committee for the world atlas of agriculture | |
| 260 |
_aNovara _bI.G.D.A Itly _c1969 |
||
| 300 |
_a527p. _ccm. |
||
| 500 | _aBibliography chapterwise | ||
| 942 |
_h"X9(J)f1, K9.1/RR" _cCC |
||
| 999 |
_c693935 _d693935 |
||